লোডিং...

Sangitanarayana (vol.2) (a seventeenth century text on music and dance from Orissa)/

গ্রন্থ-পঞ্জীর বিবরন
প্রধান লেখক: Purusottama Misra
অন্যান্য লেখক: Mandakranta Bose (ed.)
বিন্যাস: Printed Book
প্রকাশিত: Newdelhi: Indira Gandhi National Centre for the Arts, 2009.
মালা:Kalamulasastra Series
বিষয়গুলি:
LEADER 00719nam a22001937a 4500
999 |c 144797  |d 144797 
020 |a 9788120832886 
082 |a S 780.954 13  |b PUR/S 
100 |a Purusottama Misra 
245 |a Sangitanarayana (vol.2) (a seventeenth century text on music and dance from Orissa)/  |c by Purusottama Misra 
260 |a Newdelhi:  |b Indira Gandhi National Centre for the Arts,  |c 2009. 
300 |a 968p. 
490 |a Kalamulasastra Series 
650 |a Music Orissa 
650 |a Dance Orissa 
650 |a Arts 
700 |a Mandakranta Bose (ed.) 
942 |c BK 
952 |0 0  |1 0  |4 0  |6 S_780_954000000000000_13_PUR_S  |7 0  |9 102769  |a SSUS  |b SSUS  |c STACKS  |d 2020-06-19  |g 1050.00  |o S 780.954 13 PUR/S  |p 059637  |r 2020-06-19  |w 2020-06-19  |y BK